00326 a2200097 4500001001000000005001700010008004100027245009100068100002400159773004500183ART_4947320260410162043.0260409a 10aRégimen de promoción de la economía del conocimiento, un incentivo a largo plazo1 aSantacruz, Lidia M.0 tImpuestosg- N°57 (ago. 2019)wREV45175